00447nam a22001577a 450000500170000001000160001702000260003303500140005903700130007308200140008624500680010026000380016827000410020630000170024770000250026420240405164308.0 aENG-1140002 a9788194998556c300.00 aEN-123534 bDBAD/PUB a880.0821 aLockdown Litrature Form Mizoram/cedited by Margaret L. Pachuau aKolkata bWriters Workshop c2020 aC-532,Lake Garden bKolkata e700045 a97p;c22(pb) aPachuau,Margaret L.